| 000 | 00394nam a2200145Ia 4500 | ||
|---|---|---|---|
| 008 | 231129s1980||||xx |||||||||||||| ||spa|| | ||
| 020 | _a84-253-1126-4 | ||
| 040 | _bspa | ||
| 082 | _a306.73 L192i | ||
| 100 | _aLake Toni | ||
| 245 | 0 | _aInfidelidad: anatomia de las relaciones extraconyugales | |
| 260 | _c1980 | ||
| 264 | _aGrijalbo | ||
| 942 |
_2ddc _cBKS |
||
| 999 |
_c15651 _d15651 |
||